Normal view
MARC view
Entry Topical Term
001 - CONTROL NUMBER
- control field: 5171
003 - CONTROL NUMBER IDENTIFIER
- control field: ARRUPE
005 - DATE AND TIME OF LATEST TRANSACTION
- control field: 20131205120907.0
008 - FIXED-LENGTH DATA ELEMENTS
- fixed length control field: 131205|| aca||aabn | a|a d
040 ## - CATALOGING SOURCE
- Original cataloging agency: ARRUPE
- Transcribing agency: ARRUPE
150 ## - HEADING--TOPICAL TERM
- Topical term or geographic name as entry element: Maclean, Fitzroy; Great Britain - Foreign relations - 1936-1945; Great Britain - Foreign relations - 1945-
670 ## - SOURCE DATA FOUND
- Source citation: Work cat.: (ARRUPE): McLynn, Frank 5170, Fitzroy Maclean, 1992